Loading...

വയനാട് രേഖകൾ

Bibliographic Details
Main Author: ജോണി ഓ. കെ
Other Authors: Johny, O. K.
Format: Printed Book
Published: Kozhikode: Pappiyon, 2004.
Edition:3rd ed.
Subjects:
LEADER 00506cam a2200157ua 4500
082 |a 954.83  |b JOH/W 
100 0 |a ജോണി ഓ. കെ.  
245 1 0 |a വയനാട് രേഖകൾ  
250 |a 3rd ed. 
260 |a Kozhikode:  |b Pappiyon,  |c 2004. 
300 |a 178p.. 
650 0 |a Vayanad rekhakal   |a Kerala-History 
700 |a Johny, O. K. 
942 |c REF 
999 |c 12932  |d 12932 
952 |0 0  |1 0  |4 0  |6 954_830000000000000_JOH  |7 0  |9 13488  |a KUCL  |b KUCL  |d 2014-05-23  |l 0  |o 954.83 JOH/  |p 16035  |r 2017-03-09  |w 2014-05-23  |y REF